| 000 | 00590nam a2200205 i 4500 | ||
|---|---|---|---|
| 001 | bgj | ||
| 100 | 1 |
_aDAICHES, David _d(1912- ) |
|
| 245 | 1 | 0 |
_aA critical history of English literature : _bin four volumes. _nVol. 1 / _cDavid Daiches. |
| 250 | _a2nd ed. | ||
| 260 |
_aLondon : _bSecker & Warburg, _c1968. |
||
| 300 |
_aVII, [I], 245 pp. ; _c24 cm. |
||
| 505 | _aIncludes index. | ||
| 650 | 9 |
_aEnglish literature _xHistory and criticism |
|
| 020 | _a436121085 | ||
| 040 | _cBPK | ||
| 041 | 0 | _aeng | |
| 920 | _a436-12108-5 | ||
| 942 | _cKS | ||
| 008 | s uk f |000 0 eng | ||
| 999 |
_c47392 _d47392 |
||
| 856 |
_uhttp://koha.tu.koszalin.pl/cgi-bin/koha/opac-detail.pl?biblionumber=47392 _yKatalog online BPK |
||